Loading...
| Current Events | 3 | 13.33 | 100% | 33% | 0% |
| Fine Arts - Classical Music | 4 | 15.00 | 100% | 50% | 0% |
| Fine Arts - Other | 6 | 15.00 | 83% | 50% | 17% |
| Fine Arts - Painting and Sculpture | 4 | 5.00 | 50% | 0% | 0% |
| Geography | 2 | 10.00 | 100% | 0% | 0% |
| History - American | 2 | 10.00 | 50% | 50% | 0% |
| History - European | 5 | 12.00 | 80% | 20% | 20% |
| History - Other | 1 | 20.00 | 100% | 100% | 0% |
| History - World | 4 | 17.50 | 75% | 75% | 25% |
| Literature - Drama | 1 | 10.00 | 100% | 0% | 0% |
| Literature - Long Fiction | 7 | 10.00 | 71% | 29% | 0% |
| Literature - Poetry | 2 | 20.00 | 100% | 100% | 0% |
| Mythology | 1 | 10.00 | 100% | 0% | 0% |
| Other Academic | 3 | 6.67 | 67% | 0% | 0% |
| Philosophy | 3 | 6.67 | 67% | 0% | 0% |
| Religion | 2 | 15.00 | 100% | 50% | 0% |
| Science - Biology | 3 | 10.00 | 100% | 0% | 0% |
| Science - Chemistry | 1 | 20.00 | 100% | 100% | 0% |
| Science - Other | 5 | 10.00 | 100% | 0% | 0% |
| Science - Physics | 2 | 10.00 | 100% | 0% | 0% |
| Short Fiction and Other | 2 | 15.00 | 100% | 50% | 0% |
| Social Science | 4 | 10.00 | 75% | 25% | 0% |